| 000 | 00693cam a2200241 u 4500 | ||
|---|---|---|---|
| 003 | MX-MxUPN | ||
| 005 | 20240702063812.0 | ||
| 008 | 101020s20032005 fr 000 0 spa d | ||
| 020 | _a8495601567 | ||
| 035 | _aUPN01000178304 | ||
| 040 |
_bspa _aMX-MxUPN |
||
| 050 | 4 |
_aMT10 _bJ64 |
|
| 100 | 1 |
_aJofré i Fradera, Josep, _d1962- _934453 |
|
| 245 | 1 | 3 | _aEl lenguaje musical |
| 260 |
_aBarcelona : _bMa Non Troppo, _c2003-2005 |
||
| 300 | _a2 volúmenes | ||
| 490 | 0 | _aTeoría y práctica de la música | |
| 650 | 4 |
_aMúsica _xEstudio y enseñanza _9174 |
|
| 700 | 1 |
_950437 _aGuinovart, Carles _eprólogo |
|
| 902 | _bVíctorGodínez/251023 | ||
| 905 | _aLibro | ||
| 942 |
_2lcc _cLIBRO |
||
| 999 |
_c150407 _d150407 |
||